| 000 | 00651nam a2200241Ia 4500 | ||
|---|---|---|---|
| 003 | OSt | ||
| 005 | 20230622153914.0 | ||
| 008 | 210423s2015 xx 000 0 und d | ||
| 020 | _a81-7700-032-2 | ||
| 040 | _cAL | ||
| 041 | _aeng | ||
| 082 |
_a658 _223 _bCHHP |
||
| 100 |
_aCHHABRA (T N) _9111467 |
||
| 245 | _aPrinciples and practice of management Ed 9 | ||
| 250 | _a9 | ||
| 260 |
_aDelhi _bDhanpat Rai and Co _c2015 |
||
| 300 |
_axv,907,v _bPB |
||
| 365 |
_b300 _cINR |
||
| 650 |
_aManagement _9111468 |
||
| 650 |
_aManagement & Auxiliary Services 650 _9111469 |
||
| 906 | _a9 ; Ed ; management ; practice ; Principles | ||
| 942 |
_2ddc _cBK |
||
| 999 |
_c167060 _d167060 |
||